| 000 | 00359nam a22001697a 4500 | ||
|---|---|---|---|
| 005 | 20260616112600.0 | ||
| 020 | _a9788197836336 | ||
| 041 | _aEnglish | ||
| 082 | _aT03 R24 BER | ||
| 100 | _aBerlin Kurumpanai C | ||
| 245 | _aKadalora Sollagarathi | ||
| 250 | _a01 | ||
| 260 |
_aChennai _bNCBH _c2024 |
||
| 300 | _a408 | ||
| 365 | _b450.00 | ||
| 942 | _cBK | ||
| 999 |
_c177872 _d177872 |
||